Hollywood - MARINA - All Lyrics - Statistics

General Stats
  • This quiz has been taken 59 times
  • The average score is 246 of 306
Answer Stats
Answer % Correct
a
100%
A
100%
I
100%
dream
97%
dream,
97%
in
97%
L.A
97%
oh,
97%
oh
97%
"Oh,
97%
ooh
97%
ooh-hoo
97%
to
97%
want
97%
America
95%
America,
95%
be
95%
don't
95%
girl
95%
Hollywood
95%
is
95%
the
95%
wanna
95%
you
95%
You
95%
American
92%
as
92%
He
92%
Polish
92%
"Why
92%
why
92%
asked
89%
"Because
89%
hot
89%
just
89%
like
89%
living
89%
Living
89%
my
89%
queen
89%
She
89%
your
89%
Your
89%
you're
89%
You're
89%
blonde
86%
called
86%
god,
86%
her,
86%
look
86%
Marina"
86%
me
86%
No,
86%
no,
86%
Tall,
86%
wife?"
86%
would
86%
Ania
84%
Catherine
84%
end
84%
mine
84%
name's
84%
Shakira
84%
tan,
84%
up
84%
"Actually,
81%
I'm
81%
on
81%
brain
78%
dreams,
78%
mind
78%
with
78%
Zeta!"
78%
for
76%
infected
76%
movie
76%
said,
76%
that
76%
kissing
73%
mess
73%
obsessed
73%
rain,
73%
that's
73%
down
70%
sheen
70%
old
68%
scene
68%
touch
68%
Vine"
65%
Vine
65%
dive
62%
golden
62%
looking
62%
wanted
62%
All
59%
Puking
59%
security
59%
Soon
59%
been
57%
I've
57%
JFK
54%
filled
51%
flight
51%
things
51%
fat
49%
know
49%
magazine
49%
making
49%
say
49%
and
46%
gossip
41%
"Lady,
41%
light
38%
skin,
38%
starting
38%
decay
35%
slowly
35%
stimulate
35%
Thirty-nine
35%
thoughts
35%
Trying
35%
turn
35%
years
35%
Air
32%
grey"
32%
benign
30%
doing
30%
jump
30%
mile-high
30%
Crosswords
24%
itch
24%
plays
22%
hostesses
16%
No matching quizzes found
Score Distribution
Percent of People with Each Score
Percentile by Number Answered
Your Score History
You have not taken this quiz